000 01241nam0a22002651 4500
001 rc\2609226
005 20230428095610.0
035 _a(NLR Aleph) 006773139
090 _a5965691
_c5965691
100 _a20110914d1930 |||y0rusy50 ca
101 0 _arus
102 _aRU
105 _ay z |||||
200 1 _aСыпной тиф в Западной области в 1929 г.
_fС. Л. Тапельзон
210 _aМосква
_aСмоленск
_cГос. изд-во
_d1930
_eСмоленск
_gгостип. им. Смирнова
215 _a48 с.
_d21х15 см.
320 _aБиблиография: "Источники" в конце 1-й статьи (16 названий)
423 0 _12001#$aК морфологии и биологии proteus X 19$fПроф. М. П. Изаболинский. Д-р В. А. Юденич$gЗап. обл. отд. здрав.
_1700#1$aИзаболинский$bМ.П.$gМоисей Петрович
_1701#1$aЮденич$bВ.А.$gВасилий Александрович
700 1 _aТапельзон
_bС. Л.
_f1883-
_gСамуил Львович
801 0 _aRU
_bNLR
_gpsbo
801 1 _aRU
_bELAR
_2rusmarc
852 _aNLR
_j30.10/4166
942 _cBOOK
980 _aNB